00874cam a2200253 a 4500999001300000001000500013003000900018005001700027008004100044010001700085020001500102040003800117082001600155100002200171245009700193250001200290260006900302300004900371504003700420650001500457700002200472942001200494952011400506 c691d6914617BD-DhUAP20200126161250.0200126s19891986caua b 001 0 eng  a 88080642  a0155397699 aBD-DhUAPcBD-DhUAPdBD-DhUAPbEng00a301 JOH2231 aJohnson, Allan G.10aHuman arrangements :ban introduction to sociology /cAllan G. Johnson and Robert K. Merton. a2nd ed. aSan Diego :bHarcourt Brace Jovanovich,cc1986 [Reprinted 1989]. axxviii, 686 pages :billustrations ;c26 cm. aIncludes bibliography and index. 0aSociology.1 aMerton, Robert K. 2ddccBK 00102ddc4070aUAPCLbUAPCLcGeneral Stacksd2020-01-26o301 JOHp3010004617r2020-01-26t1w2020-01-26yBK